000
00307nam a22001337a 4500
020
_a
817826355-6
082
_a
823
_b
HAR/R
100
_a
THOMAS HARDY
245
_a
THE RETURN OF THE NATIVE
260
_a
DELHI
_b
ROHAN BOOK COMPANY
_c
2003
300
_a
223
650
_a
MODERN ILLUSTRATED CLASSICS
942
_c
BK
999
_c
348
_d
348